the all England law reports 1999 (Record no. 619449)

MARC details
000 -LEADER
fixed length control field 00496nam a2200181 a 4500
008 - FIXED-LENGTH DATA ELEMENTS--GENERAL INFORMATION
fixed length control field 260416s2026##################000#0#eng##
020 ## - INTERNATIONAL STANDARD BOOK NUMBER
ISBN 9780406916266
Paper back/Hardbound hbk
041 ## - LANGUAGE CODE
Language code of text/sound track or separate title eng
082 04 - DEWEY DECIMAL CLASSIFICATION NUMBER
Classification number 348.42 ALL.2
100 ## - MAIN ENTRY--AUTHOR NAME
Personal name salter qc, richard
245 10 - TITLE STATEMENT
Title the all England law reports 1999
Statement of responsibility, etc / Richard salter qc ;
260 ## - PUBLICATION, DISTRIBUTION, ETC. (IMPRINT)
Place of publication london
Name of publisher butterworths
Year of publication 2000
300 ## - PHYSICAL DESCRIPTION
Number of Pages 1024p. :
Dimensions 22cm.
490 ## - SERIES STATEMENT
Volume number/sequential designation vol 2
650 ## - SUBJECT ADDED ENTRY--TOPICAL TERM
Topical Term Laws, regulations & cases
942 ## - ADDED ENTRY ELEMENTS (KOHA)
Koha item type English Books
Holdings
Withdrawn status Lost status Damaged status Not for loan Home library Current library Shelving location Date acquired Full call number Accession Number Price effective from Koha item type
        Anna Centenary Library Anna Centenary Library 4TH FLOOR, A WING 16.04.2026 348.42 ALL.2 479261 16.04.2026 English Books

Find us on the map